000 00406pab a2200169 454500
008 180718b2007 xxu||||| |||| 00| 0 eng d
100 _aGhosh, D.N.
245 _aAggressive banking and passive regulation
260 _c2007
300 _ap.3524-526.
362 _a1 Sep
650 _aBanks
650 _aFinancial markets
773 _aEconomic and Political Weekly
908 _aN
909 _a75700
999 _c75700
_d75700